000 00639cab a2200229 4500
001 WB2405-39
008 090401t1988 xxu||||| |||| 00| 0 eng d
035 _a(Sirsi) u25750
041 _aeng
245 _aTransport to docklands inadequate
260 _c1988
350 _a0
490 _aDaily Telegraph
_v27/1/88 p19
520 _aBriefly reviews the findings of a critical survey on London Docklands by Morgan Grenfell Securities .
650 _aCANARY WHARF
650 _aCITY
650 _aInfrastructure
_96246
650 _aISLE OF DOGS
690 _aPROPERTY-COMMERCIAL PROPERTY
942 _n0
948 _c04/03/1997
999 _c17305
_d17305